Manual de los devotos del sagrado corazón de Jesús, sacado de las obras de los PP. de la Colombiere, Croisset, Loyola, Borgo, Gautrelet, Franco y otros autores de la Compañía de Jesús

Detalles Bibliográficos
Formato: Libro
Lenguaje:Spanish
Publicado: Madrid : librería católica de Gregorio del Amo, 1889.
Edición:Segunda edición
Materias:
Colección:Banco de datos
Acervo:Monasterio de Santa Catalina de Siena de la Orden de Santo Domingo de Morelia. Michoacán
Descripción Física:676 p. ; 8°
Tema general:Ascética
Notas:Portada con escudo de la Sociedad de Jesús en grabado litográfico. Encuadernación en piel sobre cartón
LEADER 00836nam a22001690004500
035 |a 611 
041 0 |a spa 
245 1 0 |a Manual de los devotos del sagrado corazón de Jesús, sacado de las obras de los PP. de la Colombiere, Croisset, Loyola, Borgo, Gautrelet, Franco y otros autores de la Compañía de Jesús 
250 |a Segunda edición 
260 |a Madrid : librería católica de Gregorio del Amo, 1889. 
300 |a 676 p. ; 8° 
500 |a Portada con escudo de la Sociedad de Jesús en grabado litográfico. Encuadernación en piel sobre cartón 
650 1 0 |a Ascética 
949 |a Monasterio de Santa Catalina de Siena y Santa Ana del Convento de Dominicas de Morelia, Michoacán: 948 
942 |c DOMMOR 
943 |g Monasterio de Santa Catalina de Siena de la Orden de Santo Domingo de Morelia. Michoacán 
999 |c 1104667  |d 1104667